U.S. General Knowledge #70 - Statistics

General Stats
  • This quiz has been taken 8,245 times
  • The average score is 12 of 20
Answer Stats
Question Answer % Correct
Who is the daughter in the Addams Family? Wednesday
87%
Who wrote the poem "The Raven"? Edgar Allan Poe
85%
What retail chain gets its name from the hours it was open? 7-Eleven
81%
What American founding father spent about 40% of his adult life in Paris and London? Benjamin Franklin
75%
What disease was Franklin D. Roosevelt diagnosed with? Polio
74%
Who was Jackie Kennedy's second husband? Aristotle Onassis
68%
Which state is named for an island in the English Channel? New Jersey
67%
What comes next in this sequence: Dole, Gore, Kerry, McCain, Romney? Clinton
63%
What company canceled its 30 minute delivery guarantee in 1993 because of car accidents caused by rushing drivers? Domino's
63%
What is the home stadium of the Boston Red Sox? {Fenway} Park
61%
What is Paul Bunyan's profession? Lumberjack
61%
What NFL team is affectionately known as "The Fish", despite its mascot being a mammal? Miami Dolphins
59%
What TV show often led to members of the audience screaming "Jerry! Jerry!" when fights broke out? The Jerry Springer Show
58%
What neighborhood in Manhattan is known as simply "The Village"? {Greenwich} Village
58%
What TV nerd was famous for saying "Did I Do That?" Steve Urkel
51%
Name one of the four railroads in the board game "Monopoly". Reading | Pennsylvania | B&O | Short Line
50%
What U.S. territory produces NFL players at a rate several times higher than any state? American Samoa
49%
What annual race goes across Alaska from Anchorage to Nome? Iditarod
43%
What TV show is about an obsessive compulsive detective? Monk
43%
What area code was given to New York City because it was the easiest to dial on rotary phones? 212
29%
No matching quizzes found
Score Distribution
Percent of People with Each Score
Percentile by Number Answered
Your Score History
You have not taken this quiz